000 00570nam a2200193Ia 4500
008 140321s9999 xx 000 0 und d
020 _a9789381938881
050 _aHF 5549
_b.P884 2013
100 _aPrakash, Suresh
245 _aHuman resource management and personnel management /
_cSuresh Prakash.
250 _a1st ed.
260 _aNew Delhi :
_bCENTRUM PRESS,
_cc2013.
300 _a288 p. :
_c23 cm.
500 _aIncludes bibliographical references and index.
521 _aBSBA
650 _aPersonnel management.
942 _kFOR
_cBK
999 _c48214
_d48214